| 000 | 01149cam a2200325 i 4500 | ||
|---|---|---|---|
| 001 | 1760442 | ||
| 003 | NUST | ||
| 005 | 20220305125319.0 | ||
| 008 | 760422s1976 nyu 000 1 eng | ||
| 010 | _a 76002749 | ||
| 020 |
_a0385121989 : _c$6.95 |
||
| 038 | _awaseem | ||
| 040 |
_aDLC _cDLC _dDLC |
||
| 043 | _an-us--- | ||
| 050 | 0 | 0 |
_aPZ3.A8316 _bBi _aPS3551.S5 |
| 051 |
_aPS3551.S5 _bB5 |
||
| 082 | 0 | 0 |
_a813.54 _bASI |
| 100 | 1 |
_aAsimov, Isaac, _d1920-1992. _990230 |
|
| 245 | 1 | 4 |
_aThe Bicentennial man and other stories / _cIsaac Asimov. |
| 250 | _a1st ed. | ||
| 260 |
_aGarden City, N.Y. : _bDoubleday, _c1976. |
||
| 300 |
_a211 p. ; _c22 cm. |
||
| 490 | 0 | _aDoubleday science fiction | |
| 505 | 0 | _aThe prime of life.--Feminine intuition.--Waterclap.--That thou art mindful of him.--Stranger in paradise.--The life and times of multivac.--The winnowing.--The bicentennial man.--Marching in.--Old-fashioned.--The tercentenary incident.--Birth of a notion. | |
| 563 | _aHBK. | ||
| 650 | 0 |
_aScience fiction, American. _990231 |
|
| 906 |
_a7 _bcbc _corignew _d1 _eocip _f19 _gy-gencatlg |
||
| 942 |
_2ddc _cBK |
||
| 999 |
_c588578 _d588578 |
||